Southville International School and Colleges
Your cart is empty.
  • Cart
  • Lists
    Public lists list_1 View all
    Your lists Log in to create your own lists
  • Log in to your account
  • Your cookies
  • Search history
Southville International School and Colleges
  • Advanced search
  • Recent comments
  • Most popular
  • Libraries

Log in to your account

Log in with GOOGLE


If you do not have an external account, but do have a local account, you can still log in:

  1. Home
  2. MARC view: The blue ribbon mystery.
Normal view MARC view ISBD view

The blue ribbon mystery. (Record no. 110758)

[ view plain ]
MARC details
000 -LEADER
fixed length control field 00457nam a2200181 a 4500
001 - CONTROL NUMBER
control field 2773
005 - DATE AND TIME OF LATEST TRANSACTION
control field 20140414131903.0
008 - FIXED-LENGTH DATA ELEMENTS--GENERAL INFORMATION
fixed length control field 050928s19uu xx 00 eng d
020 ## - INTERNATIONAL STANDARD BOOK NUMBER
International Standard Book Number 0-307-16184-6
050 ## - LIBRARY OF CONGRESS CALL NUMBER
Classification number FIC
Item number F22 1996
100 ## - MAIN ENTRY--PERSONAL NAME
Personal name Erica Farber
245 ## - TITLE STATEMENT
Title The blue ribbon mystery.
260 ## - PUBLICATION, DISTRIBUTION, ETC. (IMPRINT)
Place of publication, distribution, etc New :
Name of publisher, distributor, etc A Golden Book,
Date of publication, distribution, etc 1996.
300 ## - PHYSICAL DESCRIPTION
Extent 68 p. : ill. ; cm.
440 ## - SERIES STATEMENT/ADDED ENTRY--TITLE
Title LC + the Critter Kids
700 ## - ADDED ENTRY--PERSONAL NAME
Personal name J.R. Sansevere
Holdings
Withdrawn status Lost status Damaged status Home library Current library Shelving location Date acquired Source of acquisition Total Checkouts Full call number Barcode Date last seen Price effective from Koha item type
      Munich Library Munich Library Fiction Section 09/28/2005     FIC F22 1996 M1241 04/14/2014 04/14/2014 Books

The blue ribbon mystery.

APA

Erica Farber, J.R. Sansevere, . (1996). The blue ribbon mystery. New: A Golden Book.

Chicago

Erica Farber, J.R. Sansevere, . 1996. The blue ribbon mystery. New: A Golden Book.

Harvard

Erica Farber, J.R. Sansevere, . (1996). The blue ribbon mystery. New: A Golden Book.

MLA

Erica Farber, J.R. Sansevere, . The blue ribbon mystery. New: A Golden Book. 1996.

  • Place hold
  • Print
  • Cite
  • Add to your cart (remove)
  • Save record
    BIBTEX Dublin Core MARCXML MARC (non-Unicode/MARC-8) MARC (Unicode/UTF-8) MARC (Unicode/UTF-8, Standard) MODS (XML) RIS
  • More searches
    Search for this title in:
    Other Libraries (WorldCat) Other Databases (Google Scholar) Online Stores (Bookfinder.com) Open Library (openlibrary.org)

Exporting to Dublin Core...

SOUTHVILLE LIBRARY

Southville International School and Colleges Library

1281 Tropical Ave. Cor. Luxembourg St., BF Homes International, Las Pinas City

Tel. No. 8256374 / 252358 Loc. 117/146

Powered by Koha